Statistics for Official Languages of Asia

Click here to take the quiz!

General Stats

  • This quiz has been taken 172 times
  • The average score is 37 of 40

Answer Stats

CountryLanguage% Correct
Saudi Arabia, Iraq, Lebanon, 8 othersArabic
100%
China, Taiwan, SingaporeChinese
(Mandarin)
99%
South Korea, North KoreaKorean
99%
Malaysia, Brunei, SingaporeMalay
99%
IndonesiaMalay
(Indonesian)
99%
Turkey, CyprusTurkish
99%
VietnamVietnamese
99%
ArmeniaArmenian
98%
GeorgiaGeorgian
98%
JapanJapanese
98%
PhilippinesTagalog
98%
IndiaHindustani
(Hindi)
97%
LaosLao
97%
ThailandThai
97%
UzbekistanUzbek
97%
AzerbaijanAzerbaijani
96%
India, Pakistan, Philippines, SingaporeEnglish
96%
IsraelHebrew
96%
MongoliaMongolian
96%
IranPersian
96%
AfghanistanPersian (Darī)
96%
TajikistanPersian (Tajiki)
96%
BangladeshBengali
95%
CyprusGreek
95%
KazakhstanKazakh
95%
CambodiaKhmer
95%
TurkmenistanTurkmen
95%
PakistanHindustani
(Urdu)
94%
MyanmarBurmese
93%
NepalNepali
93%
Kazakhstan, KyrgyzstanRussian
93%
Sri Lanka, SingaporeTamil
93%
KyrgyzstanKyrgyz
92%
AfghanistanPashto
91%
BhutanDzongkha
90%
IraqKurdish
83%
East TimorPortuguese
83%
MaldivesDhivehi
80%
Sri LankaSinhalese
74%
East TimorTetum
49%

Score Distribution

Percentile by Number Answered

Percent of People with Each Score

Your Score History

You have not taken this quiz